El hombre autentico
Збережено в:
| Автор: | |
|---|---|
| Формат: | Книга |
| Мова: | Іспанська |
| Опубліковано: |
Madrid
Guadarrama
1963
|
| Серія: | Colección Cristianismo y Hombre Actual, 46
|
| Предмети: | |
| Теги: |
Додати тег
Немає тегів, Будьте першим, хто поставить тег для цього запису!
|
MARC
| LEADER | 00000nam a2200000 a 4500 | ||
|---|---|---|---|
| 001 | UCT7279 | ||
| 003 | CL-VaPUC | ||
| 008 | 970117e19630000SP |||||||||||||||||spa|d | ||
| 082 | 0 | 4 | |a 261.51 |b CAS |2 21 |
| 100 | 0 | |a Casel, Odo |e author |9 378195 | |
| 245 | 1 | 3 | |a El hombre autentico |
| 300 | |a 226 p | ||
| 942 | |c BK | ||
| 945 | |d 19970117 00:00:00 |a rbrito | ||
| 260 | |a Madrid |b Guadarrama |c 1963 | ||
| 650 | 0 | |a Teología social de la Iglesia |9 378196 | |
| 650 | 7 | |a HOMBRE |2 CL-VaPUC |9 262149 | |
| 650 | 0 | |a Dios |9 266622 | |
| 650 | 0 | |a Cristología |9 315091 | |
| 650 | 0 | |a Libertad |9 255686 | |
| 583 | |a last modification |c 19970117 00:00:00 |k Rodrigo Vera | ||
| 490 | 0 | |a Colección Cristianismo y Hombre Actual, 46 | |
| 999 | |c 255918 |d 255916 | ||
| 952 | |0 0 |1 0 |4 0 |6 261_510000000000000_CAS_1963 |7 0 |8 A |9 278407 |a BIBTEO |b BIBTEO |d 2019-11-19 |i 2010429 |o 261.51 CAS 1963 |p 2010429 |r 2025-01-17 |w 2019-11-19 |y BK |k ICR | ||
| 952 | |0 0 |1 0 |4 0 |6 261_510000000000000_CAS_1963 |7 0 |8 A |9 278408 |a BIBTEO |b BIBTEO |d 2019-11-19 |i 2010437 |o 261.51 CAS 1963 |p 2010437 |r 2025-01-17 |w 2019-11-19 |y BK |k ICR | ||